000 01617cam a2200265 4500
001 ##L134822
008 060904n2006 000 0 eng u
020 _a0110744829
035 _a(Sirsi) u134822
041 0 _aeng
245 0 4 _aThe Town and Country Planning (General Development Procedure) (Amendment) (England) Order 2006
260 _aLondon
_bTSO
_c2006
490 0 _aSI
_v2006: 1062
520 _aAmends the Town and Country Planning (General Development Procedure) Order 1995 in respect of the definition of reserved matters, the increase of retail gross floor space by more than 200 sq m constituting development and therefore needing planning permission, making provisions for the preparation and revocation of local development orders and for design and access statements and the stipulation of the period within which a local planning authority must determine planning permission for major developments to be 13 weeks.
590 _aIKA050906 NTK
650 2 4 _aPLANNING AND COMPULSORY PURCHASE ACT 2004
650 2 4 _aTOWN AND COUNTRY PLANNING ACT 1990
650 2 4 _aTOWN AND COUNTRY PLANNING (APPLICATIONS) REGULATIONS 1988
650 2 4 _aTOWN AND COUNTRY PLANNING (GENERAL DEVELOPMENT PROCEDURE) (AMENDMENT) (ENGLAND) ORDER 2006
650 2 4 _aTOWN AND COUNTRY PLANNING (GENERAL DEVELOPMENT PROCEDURE) ORDER 1995
651 4 _aEngland
_y886-
690 _aENVIRONMENTAL AND LAND CONSULTANCY-PLANNING AND DEVELOPMENT-DEVELOPMENT CONTROL-PLANNING APPLICATIONS
856 4 0 _uhttps://www.opsi.gov.uk/si/si2006/20061062.htm
_zView the Order free of charge at www.opsi.gov.uk...
942 _n0
999 _c105812
_d105812